[Event "Mahalla op 14th"]
[Site "Mahalla"]
[Date "2012.07.11"]
[Round "4"]
[White "Sameeh, Hany"]
[Black "Raslan, Moustafa"]
[Result "1/2-1/2"]
[WhiteElo "2279"]
[BlackElo "2186"]
[PlyCount "102"]
[EventDate "2012.07.09"]
[EventType "swiss"]
[EventRounds "9"]
[EventCountry "EGY"]
[SourceTitle "EXT 2019"]
[Source "ChessBase"]
[SourceDate "2018.10.10"]
[SourceVersion "1"]
[SourceVersionDate "2018.10.10"]
[SourceQuality "1"]

1. e4 e6 2. d4 d5 3. Nd2 Nf6 4. e5 Nfd7 5. Bd3 c5 6. c3 Nc6 7. Ne2 cxd4 8. cxd4 Qb6 9. Nf3 Bb4+ 10. Bd2 0-0 11. 0-0 f6 12. exf6 Nxf6 13. Bf4 Be7 14. Qd2 Bd7 15. Rac1 Bb4 16. Qc2 Rac8 17. Qb1 Be7 18. a3 Na5 19. Rxc8 Rxc8 20. Rc1 Nc4 21. Ne5 Nxe5 22. Rxc8+ Bxc8 23. Bxe5 Bd7 24. Qc2 h6 25. h3 Bb5 26. Bxb5 Qxb5 27. Nf4 Qd7 28. Qg6 Bd8 29. Qc2 Ne4 30. g3 Bf6 31. Nd3 Qc6 32. Qxc6 bxc6 33. f3 Nd2 34. Bxf6 gxf6 35. Nc5 Kf7 36. Kf2 e5 37. Ke2 Nb1 38. a4 Ke7 39. b3 Nc3+ 40. Kd3 Na2 41. g4 Kd6 42. h4 Ke7 43. Na6 Kd6 44. Nc5 Ke7 45. h5 Kd6 46. Nb7+ Ke7 47. Nc5 Kd6 48. Nb7+ Ke7 49. Na5 Nb4+ 50. Kc3 Na2+ 51. Kd3 Nb4+ 1/2-1/2

[Event "Assiut op 05th"]
[Site "Assiut"]
[Date "2009.08.07"]
[Round "4"]
[White "Magdy, Andro"]
[Black "Raslan, Moustafa"]
[Result "0-1"]
[WhiteElo "1891"]
[BlackElo "2166"]
[PlyCount "50"]
[EventDate "2009.08.04"]
[EventType "swiss"]
[EventRounds "9"]
[EventCountry "EGY"]
[SourceTitle "EXT 2010"]
[Source "ChessBase"]
[SourceDate "2010.11.25"]
[SourceVersion "1"]
[SourceVersionDate "2010.11.25"]
[SourceQuality "1"]

1. d4 e6 2. c4 d5 3. Nc3 f5 4. Nf3 Nf6 5. e3 c6 6. Bd3 Bd6 7. Qc2 Ne4 8. cxd5 exd5 9. 0-0 0-0 10. b3 Nd7 11. Bb2 Qf6 12. Ne2 g5 13. Ne5 Nxe5 14. dxe5 Bxe5 15. Bxe5 Qxe5 16. f4 gxf4 17. exf4 Qg7 18. Rad1 Bd7 19. Rf3 Kh8 20. Ng3 Be8 21. Nf1 Bh5 22. Bxe4 fxe4 23. Rg3 Bxd1 24. Qxd1 Qf6 25. Ne3 Qxf4 0-1

[Event "EGY-chT 0708"]
[Site "Egypt"]
[Date "2007.11.02"]
[Round "1"]
[White "Raslan, Moustafa"]
[Black "Abdel Razik, Khaled"]
[Result "0-1"]
[WhiteElo "2108"]
[BlackElo "2396"]
[PlyCount "98"]
[EventDate "2007.11.02"]
[EventType "team-tourn"]
[EventRounds "3"]
[EventCountry "EGY"]
[SourceTitle "EXT 2009"]
[Source "ChessBase"]
[SourceDate "2008.11.26"]
[SourceVersion "1"]
[SourceVersionDate "2008.11.26"]
[SourceQuality "1"]
[WhiteTeam "El Ethad"]
[BlackTeam "El Dakhlia"]
[WhiteTeamCountry "EGY"]
[BlackTeamCountry "EGY"]

1. e4 e6 2. d4 d5 3. e5 c5 4. c3 Nc6 5. Be3 Nh6 6. Nf3 Qb6 7. Qd2 Nf5 8. Be2 Nxe3 9. fxe3 g6 10. 0-0 Bh6 11. Na3 cxd4 12. cxd4 Qb4 13. Qd3 0-0 14. Nb5 Qe7 15. Kh1 Bd7 16. a3 a6 17. Nc3 Na5 18. e4 Bc6 19. exd5 exd5 20. Qc2 b5 21. h3 Rfc8 22. Nh2 Qh4 23. Ng4 Bg7 24. Rf4 Bd7 25. Nf6+ Bxf6 26. Rxh4 Bxh4 27. Qd3 Be6 28. Rf1 Nc4 29. Bg4 Rc7 30. Qe2 Re8 31. Bf3 Rd8 32. b3 Nxa3 33. Nxd5 Rxd5 34. Qb2 Be7 35. Bxd5 Bxd5 36. Rc1 Rd7 37. Rc8+ Kg7 38. Rc5 b4 39. Rc8 Nb5 40. Rc1 Be6 41. Rd1 Nc3 42. Rd3 Rc7 43. Kg1 a5 44. g4 a4 45. bxa4 Nxa4 46. Qa1 b3 47. Rxb3 Bxb3 48. d5 Bg5 49. d6 Rc1+ 0-1